Analýza radu v FMCG v Pygmalios Analytics
Príspevok prezentuje možnosti využitie údajov z počítadla zákazníkov v maloobchodných prevádzkach typu a modelovanie týchto dát, ktoré môže efektívne ovplyvniť plánovanie potreby otvorených pokladní. Zároveň predstavuje efektívny nastroj na monitorovanie, analýzu a predikciu tvorby radu v predajni s...
Guardado en:
| Autor principal: | |
|---|---|
| Formato: | Capítulo de libro |
| Lenguaje: | eslovaco |
| Materias: | |
| Etiquetas: |
Sin Etiquetas, Sea el primero en etiquetar este registro!
|
MARC
| LEADER | 00000naa$a2200000$$$4500 | ||
|---|---|---|---|
| 001 | 0290124 | ||
| 005 | 20240502074443.3 | ||
| 041 | 0 | |a slo | |
| 044 | |a SK | ||
| 245 | 1 | 0 | |a Analýza radu v FMCG v Pygmalios Analytics |c Pavel Gežík |
| 520 | |a Príspevok prezentuje možnosti využitie údajov z počítadla zákazníkov v maloobchodných prevádzkach typu a modelovanie týchto dát, ktoré môže efektívne ovplyvniť plánovanie potreby otvorených pokladní. Zároveň predstavuje efektívny nastroj na monitorovanie, analýzu a predikciu tvorby radu v predajni s viacerými pokladňami, ktorý je súčasťou nástroja Pygmalios Analytics. | ||
| 610 | 2 | 0 | |a preferencie spotrebiteľské |
| 610 | 2 | 0 | |a zákazníci |
| 610 | 2 | 0 | |a predaj |
| 610 | 2 | 0 | |a stratégia marketingová |
| 610 | 2 | 0 | |a maloobchod |
| 610 | 2 | 0 | |a predajne |
| 100 | 1 | |a Gežík, Pavel, 1983- | |